| 000 | 00733nam a22002537a 4500 | ||
|---|---|---|---|
| 001 | 00002421 | ||
| 003 | DO-SdBNP | ||
| 005 | 20180123085705.0 | ||
| 007 | 00002421 | ||
| 008 | 160609b 2011 pn ||||| |||| 00| 0 spa d | ||
| 040 |
_aBPMSU _bspa _cBPMSU |
||
| 092 |
_axxxxxx _bxxxxxx |
||
| 100 | 1 | _aCastro, Claudio de | |
| 245 | 1 | 0 |
_aCómo superar los momentos de dolor y recuperar la paz interior / _cClaudio de Castro. |
| 246 | 1 | 0 | _aCómo superar los momentos de Dolor |
| 250 | _a20ava impr | ||
| 260 |
_aPanama : _bANAB, _c2011. |
||
| 300 |
_a112 p. : _bil. ; _c14 cm. |
||
| 490 | 1 | _aPanes y peces | |
| 830 | 0 | _p Panes y peces | |
| 942 |
_2ddc _cBK |
||
| 945 | _aInventariado, 2018/LP | ||
| 956 |
_aLOPEREZ _b10 _c20160609 |
||
| 999 |
_c10340 _d10340 |
||